Япония. Как ее понять. Очерки современной японской культуры: пер. с англ.

Detalles Bibliográficos
Outros autores: Дэвис Дж. (редактор), Икэно О. Осаму
Summary:Издание включает двадцать восемь очерков, раскрывающих сущность основополагающих понятий японского национального менталитета.Написанная живым языком и содержащая множество примеров и сравнений, эта книга бесспорно заинтересует широкий круг читателей, увлекающихся уникальной культурой Японии.
Idioma:ruso
Publicado: Москва, АСТ, 2008
Subjects:
Formato: MixedMaterials Libro
KOHA link:https://koha.lib.tpu.ru/cgi-bin/koha/opac-detail.pl?biblionumber=134074

MARC

LEADER 00000nam0a2200000 4500
001 134074
005 20231031135543.0
010 |a 9785170347308 
035 |a (RuTPU)RU\TPU\book\145323 
090 |a 134074 
100 |a 20080325d2008 km y0rusy50 ca 
101 1 |a rus  |c eng 
102 |a RU 
105 |a y z 001zy 
200 1 |a Япония. Как ее понять. Очерки современной японской культуры  |e пер. с англ.  |f под ред. Дж. Дэвиса, О. Икэно 
210 |a Москва  |c АСТ  |c Астрель  |d 2008 
215 |a 319 с. 
320 |a Список литературы: с. 289-304. 
320 |a Глоссарий: с. 305-318. 
330 |a Издание включает двадцать восемь очерков, раскрывающих сущность основополагающих понятий японского национального менталитета.Написанная живым языком и содержащая множество примеров и сравнений, эта книга бесспорно заинтересует широкий круг читателей, увлекающихся уникальной культурой Японии. 
610 1 |a культура 
610 1 |a Япония 
610 1 |a теория 
610 1 |a история 
610 1 |a традиции 
610 1 |a быт 
610 1 |a японцы 
610 1 |a идеалы 
610 1 |a чувство долга 
610 1 |a кодекс чести 
610 1 |a обычаи 
610 1 |a духовная культура 
610 1 |a воспитание 
610 1 |a мужчины 
610 1 |a женщины 
610 1 |a дети 
610 1 |a браки 
610 1 |a правила старшинства 
610 1 |a межличностное общение 
610 1 |a групповое сознание 
610 1 |a похороны 
610 1 |a времена года 
686 |a Ч11(5Яп)  |v LBC/SL-A  |2 rubbk 
686 |a Т52(5Яп)  |v LBC/SL-A  |2 rubbk 
702 1 |a Дэвис  |b Дж.  |4 340 
702 1 |a Икэно  |b О.  |g Осаму  |4 340 
801 1 |a RU  |b 63413507  |c 20080325  |g PSBO 
801 2 |a RU  |b 63413507  |c 20100923  |g PSBO 
900 |a Культура Японии 
942 |c BK 
959 |a 36/20080319  |d 1  |e 77,10  |f ЧЗГЛ:1